Statistics for Quiz about North Korea

Click here to take the quiz!

General Stats

  • This quiz has been taken 29 times
    (13 since last reset)
  • The average score is 14 of 32

Answer Stats

Hint Answer % Correct
Capital of North KoreaPyongyang
100%
North Korea's biggest trading partnerChina
100%
This country is at war with North KoreaSouth Korea
100%
Has the smallest border with North KoreaRussia
100%
Current leader of North KoreaKim Jong-un
80%
What is the official language of North Korea?Korean
70%
This country owned North Korea in WW2Japan
70%
First leader of North KoreaKim Il-sung
70%
Name one color on the North Korean flagBlue, Red, White
60%
Second leader of North KoreaKim Jong-il
60%
What is the border called between these two nationsDemilitarized Zone
60%
The current leader went to school in this countrySwitzerland
50%
North Korea's ideologyJuche
50%
European country that doesn't recognize North KoreaFrance
40%
What country was he assasinated inMalaysia
40%
This basketball player is friends with the current leaderDennis Rodman
40%
The alternative for not voting for the current leader in North KoreaDeath
40%
Small island nation that doesn't recognize North KoreaTaiwan
40%
Most popular sport in North KoreaSoccer
40%
European nation that terminated all relations with North KoreaPortugal
20%
North Korea helped this African nation build the Iavoloha PalaceMadagascar
20%
This African nation has a street named after the first leader of North Koreain their capitalMozambique
20%
Small African country that has a shockingly high amount of trade with North KoreaBurkina Faso
20%
North korea's currencyNorth Korean won
20%
Type of clothing banned in North KoreaJeans
20%
The current leader's halfbrother was assasinatedKim Jong-nam
10%
North Korea's biggest exportMinerals
10%
In this film a talk show host tries to kill the current leaderThe Interview
10%
African nation that terminated all relations with North KoreaBotswana
10%
The current leader's wifeRi Sol-ju
10%
North Korea's version of GodzillaPulgasari
0%
What religous book is banned in North Korea?the bibel
0%

Score Distribution

Percentile by Number Answered

Percent of People with Each Score

Your Score History

You have not taken this quiz since the last reset